Textbook Of Soil Science (Record no. 194)

MARC details
000 -LEADER
fixed length control field 00297nam a22001457a 4500
020 ## - INTERNATIONAL STANDARD BOOK NUMBER
International Standard Book Number 9788171640126
041 ## - LANGUAGE CODE
Language code of text/sound track or separate title ENG
100 ## - MAIN ENTRY--PERSONAL NAME
Personal name Mehra R.K
245 ## - TITLE STATEMENT
Title Textbook Of Soil Science
250 ## - EDITION STATEMENT
Edition statement Seventh
260 ## - PUBLICATION, DISTRIBUTION, ETC. (IMPRINT)
Place of publication, distribution, etc New Delhi
Name of publisher, distributor, etc ICAR
Date of publication, distribution, etc 2011
300 ## - PHYSICAL DESCRIPTION
Extent 489
650 ## - SUBJECT ADDED ENTRY--TOPICAL TERM
Topical term or geographic name as entry element SWCE
856 ## - ELECTRONIC LOCATION AND ACCESS
Uniform Resource Identifier SWCE

No items available.

Contact Us: College of Agricultural Engineering and Technology, Dapoli, Dist.- Ratnagiri
Website: https://dbskkv.org Email: caetlibrary2015@gmail.com